| 000 | 00522nam a22001937a 4500 | ||
|---|---|---|---|
| 003 | OSt | ||
| 008 | 250403b |||||||| |||| 00| 0 eng d | ||
| 020 | _a9789356062665 | ||
| 082 | _a658.8 KOM | ||
| 100 | _aKOTLER, Philip, and KELLER, Kevin lane | ||
| 245 | _aMarketing Management | ||
| 250 | _a16th. ed., | ||
| 260 |
_aNoida- Uttar Pradesh, India, _bPearson, _c2025, |
||
| 300 | _a596 p. | ||
| 650 | _aCommerce | ||
| 700 | _aCHERNEV, Alexander and SHETH, Jagdish N. | ||
| 700 | _aSHAINESH, G. | ||
| 942 |
_2ddc _cREF |
||
| 999 |
_c13231 _d13231 |
||